000 01898cam a22004694i 4500
003 PE-LiUPU
005 20250731172935.0
008 150623s r 000 0 d
020 _a0802842836
035 _a(Sirsi) i9780802842831
040 _aPE-LiUPU
_bspa
_cPE-LiUPU
_erda
049 _aPRUA
082 0 4 _a232.901
_bW92O
_221
100 1 _aWright, Tom,
_eautor.
245 1 4 _aThe original Jesus :
_bthe life and vision of a revolutionary /
_cTom Wright.
264 1 _aMichigan :
_bWilliam B. Eerdmans Publishing Company,
_c1997.
300 _a160 páginas :
_bilustraciones, fotos, mapas ;
_c21 cm.
336 _atext
_2rdacontent
337 _aunmediated
_2rdamedia
338 _avolume
_2rdacarrier
504 _aIncluye bibliografía.
505 0 _aJesus - then and now: The end of a beautiful dream. -the lowest point of history. -The two-edegd dtory. -Message from the mountain. -The centre of the cosmos. -Back to the garden. -God with a human face. -Reading the gospels with both eyes open: Getting to grips with the gospels. -The jewish world of the gospels. -The gospels: How, When and Why?.
526 _aSEG42
526 _aSEG41
526 _aSEG40
526 _aSEG39
526 _aP94
526 _aP87
526 _aP86
526 _aP85
526 _aP77
526 _aP76
526 _aP35
600 1 _aJesucristo
_xHistoria y crítica
_vBiografía
630 _aBiblia.
_pN.T.
_pEvangelios
_xCrítica, interpretación, etc.
942 _2ddc
_cBOOK
949 _a232.901 W92O
_wDEWEY
_c1
_i44359
_lCCODEBUL1
_mBUL
_r0
_sY
_tBOOK
_u2015-6-24
_xTEOLOGIA
_PP35
_0COMPRA
_o.STAFF. Colección General
994 _aC0
_bPEPRU
596 _a1
999 _a232.901 W92O
_wDEWEY
_c21238
_i44359
_f2021-11-10
_g5
_lCCODEBUL1
_mBUL
_r0
_sY
_tBOOK
_u2015-6-24
_xTEOLOGIA
_PP35
_0COMPRA
_o.STAFF. Colección General
_d21238
980 _81
_gALBERTO SANCHEZ Responsable de Automatización